Pete the Cat : (Record no. 7266)

MARC details
000 -LEADER
fixed length control field 01723cam a22005057a 4500
001 - CONTROL NUMBER
control field 7266
003 - CONTROL NUMBER IDENTIFIER
control field FISKH
005 - DATE AND TIME OF LATEST TRANSACTION
control field 20250707083529.0
008 - FIXED-LENGTH DATA ELEMENTS--GENERAL INFORMATION
fixed length control field 120426s2013 nyua j 000 1 eng d
010 ## - LIBRARY OF CONGRESS CONTROL NUMBER
LC control number 2012938598
015 ## - NATIONAL BIBLIOGRAPHY NUMBER
National bibliography number GBB2B9142
Source bnb
016 7# - NATIONAL BIBLIOGRAPHIC AGENCY CONTROL NUMBER
Record control number 016218699
Source Uk
020 ## - INTERNATIONAL STANDARD BOOK NUMBER
International Standard Book Number 9780062110671
Qualifying information trade bdg.
020 ## - INTERNATIONAL STANDARD BOOK NUMBER
International Standard Book Number 0062110675
Qualifying information trade bdg.
020 ## - INTERNATIONAL STANDARD BOOK NUMBER
International Standard Book Number 9780062110664
Qualifying information pbk.
020 ## - INTERNATIONAL STANDARD BOOK NUMBER
International Standard Book Number 0062110667
Qualifying information pbk.
020 ## - INTERNATIONAL STANDARD BOOK NUMBER
International Standard Book Number 9780062110664
020 ## - INTERNATIONAL STANDARD BOOK NUMBER
International Standard Book Number 9780605583979
Qualifying information Perma-bound
020 ## - INTERNATIONAL STANDARD BOOK NUMBER
International Standard Book Number 0605583978
Qualifying information Perma-bound
020 ## - INTERNATIONAL STANDARD BOOK NUMBER
International Standard Book Number 9781451784909
Qualifying information Paw Prints
020 ## - INTERNATIONAL STANDARD BOOK NUMBER
International Standard Book Number 1451784902
Qualifying information Paw Prints
040 ## - CATALOGING SOURCE
Original cataloging agency TOH
Transcribing agency TOH
Modifying agency DLC
Language of cataloging eng
050 ## - LIBRARY OF CONGRESS CALL NUMBER
Classification number PZ7.D34416 P
082 ## - DEWEY DECIMAL CLASSIFICATION NUMBER
Classification number 813.6
100 1# - MAIN ENTRY--PERSONAL NAME
Personal name Dean, James,
Dates associated with a name 1957-
245 10 - TITLE STATEMENT
Title Pete the Cat :
Remainder of title play ball! /
Statement of responsibility, etc. created by James Dean.
260 ## - PUBLICATION, DISTRIBUTION, ETC.
Place of publication, distribution, etc. New York :
Name of publisher, distributor, etc. Harper,
Date of publication, distribution, etc. 2013.
300 ## - PHYSICAL DESCRIPTION
Extent 32 pages :
Other physical details color illustrations ;
Dimensions 23 cm
336 ## - CONTENT TYPE
Content type term text
Content type code txt
Source rdacontent
337 ## - MEDIA TYPE
Media type term unmediated
Media type code n
Source rdamedia
338 ## - CARRIER TYPE
Carrier type term volume
Carrier type code nc
Source rdacarrier
490 1# - SERIES STATEMENT
Series statement I can read! My first shared reading
505 ## - FORMATTED CONTENTS NOTE
Formatted contents note E<br/>
520 ## - SUMMARY, ETC.
Summary, etc. "Pete the Cat is ready to play baseball! Pete's team, the Rocks, is playing the Rolls. But when the game doesn't go Pete's way, what will Pete do?"--From the publisher.
521 ## - TARGET AUDIENCE NOTE
Target audience note 280<br/>
Source Lexile<br/>
521 ## - TARGET AUDIENCE NOTE
Target audience note E<br/>
Source Raz-Plus<br/>
650 #0 - SUBJECT ADDED ENTRY--TOPICAL TERM
Topical term or geographic name entry element Cats
Form subdivision Juvenile fiction.
650 #0 - SUBJECT ADDED ENTRY--TOPICAL TERM
Topical term or geographic name entry element Baseball stories.
650 #1 - SUBJECT ADDED ENTRY--TOPICAL TERM
Topical term or geographic name entry element Cats
Form subdivision Fiction.
655 #7 - INDEX TERM--GENRE/FORM
Genre/form data or focus term Fiction.
Source of term lcgft
Authority record control number or standard number https://id.loc.gov/authorities/genreForms/gf2014026339
655 #7 - INDEX TERM--GENRE/FORM
Genre/form data or focus term Fiction.
Source of term lcgft
Authority record control number or standard number https://id.loc.gov/authorities/genreForms/gf2014026339
906 ## - LOCAL DATA ELEMENT F, LDF (RLIN)
a 7
b cbc
c copycat
d 2
e ncip
f 20
g y-gencatlg
942 ## - ADDED ENTRY ELEMENTS (KOHA)
Source of classification or shelving scheme Dewey Decimal Classification
Koha item type Books
Suppress in OPAC No
Holdings
Withdrawn status Lost status Source of classification or shelving scheme Damaged status Not for loan Collection Home library Current library Shelving location Date acquired Total Checkouts Full call number Barcode Date last seen Date last checked out Copy number Price effective from Koha item type
    Dewey Decimal Classification     Juvenile Fiction Footprints International School Library Network Toul Kork Campus Footprints International School Library Network Toul Kork Campus TK Primary Library Room(4th Floor), Bookcase 7, Shelves 57-60, Dark Green Books 07/07/2025 1 DEA 813.6 PZ7.D34416 P FISTKG1A062 11/11/2025 09/04/2025 1 07/07/2025 Books